Eastern Utah Libraries Catalog: Duchesne, Heber, Roosevelt, & Vernal

The four sacred secrets : (Record no. 248451)

MARC details
000 -LEADER
fixed length control field 01571nim a22003978i 4500
001 - CONTROL NUMBER
control field BK0024980209
005 - DATE AND TIME OF LATEST TRANSACTION
control field 20190905140208.0
007 - PHYSICAL DESCRIPTION FIXED FIELD--GENERAL INFORMATION
fixed length control field sd fungnnmmned
008 - FIXED-LENGTH DATA ELEMENTS--GENERAL INFORMATION
fixed length control field 190829s2019 nyunnnn z n eng d
010 ## - LIBRARY OF CONGRESS CONTROL NUMBER
LC control number bl2019025939
020 ## - INTERNATIONAL STANDARD BOOK NUMBER
International Standard Book Number 9781508297253 : CMD
Terms of availability 29.99
020 ## - INTERNATIONAL STANDARD BOOK NUMBER
International Standard Book Number 1508297258 : CMD
Terms of availability 29.99
037 ## - SOURCE OF ACQUISITION
Source of stock number/acquisition Blackstone Pub, Special Markets Po Box 969, Ashland, OR, USA, 97520
Note SAN 173-2811
040 ## - CATALOGING SOURCE
Original cataloging agency NjBwBT
Language of cataloging eng
Transcribing agency NjBwBT
Description conventions rda
050 14 - LIBRARY OF CONGRESS CALL NUMBER
Classification number BL624
Item number .P734 2019b
082 04 - DEWEY DECIMAL CLASSIFICATION NUMBER
Classification number 204/.4
Edition number 23
092 ## - LOCALLY ASSIGNED DEWEY CALL NUMBER (OCLC)
Classification number 204.4000
100 0# - MAIN ENTRY--PERSONAL NAME
Personal name Preethaji,
Relator term author,
-- narrator.
9 (RLIN) 5799016
245 14 - TITLE STATEMENT
Title The four sacred secrets :
Remainder of title for love and prosperity : a guide to living in a beautiful state /
Statement of responsibility, etc Preethaji and Krishnaji.
250 ## - EDITION STATEMENT
Edition statement Unabridged.
264 #1 - Production, Publication, Distribution, Manufacture, and Copyright Notice.
Place of production, publication, distribution, manufacture [New York] :
Name of producer, publisher, distributor, manufacturer Simon & Schuster Audio,
Date of production, publication, distribution, manufacture, or copyr [2019]
300 ## - PHYSICAL DESCRIPTION
Extent audio discs ;
Dimensions 4 3/4 in.
336 ## - Content Type
Content type term spoken word
337 ## - Media type
Media type term audio
338 ## - Carrier type
Carrier type term audio disc
344 ## -
-- digital
-- rda
347 ## -
-- audio file
-- rda
-- CD audio
511 0# - PARTICIPANT OR PERFORMER NOTE
Participant or performer note Read by the authors.
520 ## - SUMMARY, ETC.
Summary, etc Combines scientific approaches with ancient spiritual practices to offer guidance on living a less self-centered, more connected, more successful life by practicing four key skills.
650 #0 - SUBJECT ADDED ENTRY--TOPICAL TERM
Topical term or geographic name as entry element Spiritual life.
9 (RLIN) 92023
650 #0 - SUBJECT ADDED ENTRY--TOPICAL TERM
Topical term or geographic name as entry element Consciousness
General subdivision Religious aspects.
9 (RLIN) 5799017
650 #0 - SUBJECT ADDED ENTRY--TOPICAL TERM
Topical term or geographic name as entry element Success
General subdivision Religious aspects.
9 (RLIN) 95372
650 #0 - SUBJECT ADDED ENTRY--TOPICAL TERM
Topical term or geographic name as entry element Happiness
General subdivision Religious aspects.
9 (RLIN) 85105
655 #7 - INDEX TERM--GENRE/FORM
Genre/form data or focus term Audiobooks.
Source of term lcgft
9 (RLIN) 5799018
700 0# - ADDED ENTRY--PERSONAL NAME
Personal name Krishnaji,
Relator term author,
-- narrator.
9 (RLIN) 5799019
Holdings
Withdrawn status Lost status Source of classification or shelving scheme Materials specified (bound volume or other part) Damaged status Not for loan Collection code Home library Current library Shelving location Date acquired Source of acquisition Cost, normal purchase price Total Checkouts Full call number Barcode Date last seen Date checked out Cost, replacement price Price effective from Koha item type
    Dewey Decimal Classification .CIRCNOTE. 7 discs     Audiobooks Wasatch County Library Wasatch County Library Second Floor 09/27/2019   29.99 2 CD 204 Kri 34301001646332 07/18/2024 07/02/2021 29.99 03/20/2020 Audiobook on CD
This project was made possible through a grant from the Institute of Museum and Library Service administered by the Utah State Library Division.

Wasatch County Library

  • 465 East 1200 South, Heber City, Utah 84032
  • Phone 435-654-1511 | Fax 435-654-6456

Hours

  • Monday - Friday 9:30 AM - 8:00 PM
  • Saturday 9:30 AM - 1:30 PM
  • Closed Sundays and Holidays